Responses for Show #4014 - Thursday, January 31, 2002

(Judge Hatchett: I'm Judge Hatchett and you are in contempt of court if you don't watch Jeopardy! coming up next.)

Contestants

[<< previous game]

Susan Robbins, a training and development professional from Chicago, Illinois

Greg Lim, a property manager from Austin, Texas

Kristen Senall, a first grade teacher from Buffalo, New York (whose 1-day cash winnings total $15,000)

[next game >>]

Jeopardy! Round responses

THE GOOD OLD U.S. OF A.
THE GRAMMYS
COUNTRY COOKING
(Alex: We want you to name the country most associated with each dish.)
AT HOME WITH THE EISENHOWERS
THE GOOD BOOK
IT'S "OK"
    $200 6
Arizona

Greg
    $200 13
Judy Garland

Greg
    $200 1
Mexico

Kristen
    $200 11
Adam & Eve

Greg
    $200 15
"The Hokey Pokey"

Greg
    $400 7
Memphis

Susan
    $400 14
(Kristen: Oh, um... who is... Barbra Streisand?)

Joni Mitchell

Kristen
Triple Stumper
    $400 2
England

Susan
    $400 29
heart attack

Triple Stumper
    $400 12
(Susan: What is 13?)

12

KristenSusan
    $400 16
yoke

Greg
    $600 8
12345

Greg
    $600 20
Frank Sinatra

Greg
    $600 3
India

Susan
    $600 28
Khrushchev

Greg
    $600 23
Exodus

Greg
    $600 17
karaoke

Kristen
    $800 9
Cadillac Ranch

Greg
    $800 21
Robert Goulet

Susan
    $800 4
Greece

Susan
    $800 27
Lawrence Welk

Susan
    $800 24
Pontius Pilate

Kristen
    $800 18
Molokai

Triple Stumper
    $1000 10
Mobile

Greg
    $1000 22
Jamiroquai

Triple Stumper
    $1000 5
Thailand

Susan
    $1000 26
the Shah (of Iran)

Kristen
    $1,000 25
(Kristen: What is...what is "N"?)
...
(Alex: We have about a minute left, Kristen.)

Leviticus & Luke

Kristen
    $1000 19
Alice (B.) Toklas

Kristen

Scores at the first commercial break (after clue 16):

Kristen Greg Susan
$200 $3,600 $2,800

Scores at the end of the Jeopardy! Round:

Kristen Greg Susan
$2,600 $5,400 $4,400

Double Jeopardy! Round responses

THE NOT SO GOOD OLD U.S.S. OF R.
THAT '70s MOVIE
20th CENTURY CHEMISTRY
THE LAW
SCIENCE FICTION
"WIN" WIN SITUATION
    $400 11
Stalin

Kristen
    $400 16
Kevin Costner

Susan
    $400 6
Spock

Susan
    $400 1
wint o green

Susan
    $800 12
gulags

Kristen
    $800 17
Sherlock Holmes

Triple Stumper
    $800 20
(Alex: [Prior to the reading the clue] Here comes the judge, here comes the judge.)

objection

Kristen
    $800 7
L. Ron Hubbard

Greg
    $800 2
Winnebago

Greg
    $1200 13
(Kristen: What is... KGB?)
(Susan: What is Sputnik?)

Soviet space program

KristenSusan
Triple Stumper
    $1200 18
(Kristen: What... what was Jaws?)

One Flew Over the Cuckoo's Nest

Kristen
Triple Stumper
    $1,200 24
5

Kristen
    $1200 21
(Kristen: What is juris doctorate?)
(Alex: Juris doctorate, yes.)
[ERRATUM: The degree is juris doctor.]

juris doctor

Kristen
    $1200 8
(Greg: What is eat?)
(Susan: What is speak?)

Scream

GregSusan
Triple Stumper
    $1200 3
Edwin

Triple Stumper
    $1600 14
(Greg: What is Siberia?)

Ukraine

GregSusan
    $1600 19
Magnum Force

Triple Stumper
    $1600 25
penicillin

Greg
    $1600 22
Earl Warren

Kristen
    $1600 9
(Greg: What is Scientific American?)

Omni

Greg
Triple Stumper
    $1600 4
winsome

Greg
    $2000 15
Lubyanka

Triple Stumper
    $2000 27
The Out-of-Towners

Greg
    $2000 26
vitamin E

Triple Stumper
    $1,200 23
(Kristen: Who was... Pericles?)
...
(Alex: Who was [*]? Hence the Draconian law. You're at $3,800, and we have a minute to go.)

Draco

Kristen
    $2000 10
(Greg: Who is Bradbury?)

Robert Heinlein

Greg
Triple Stumper
    $2000 5
winnowing

Susan

Scores at the end of the Double Jeopardy! Round:

Kristen Greg Susan
$5,000 $5,800 $6,800

[wagering suggestions for these scores]

Final Jeopardy! Round responses

ATHLETES
KristenWho was Halas?
$4,999
GregWho is?
$4,201
SusanWho was Thorpe?
$4,801
(Jim) Thorpe

Final scores:

Kristen Greg Susan
$1 $1,599 $11,601
3rd place: 6 nights at the Hilton at Short Hills 2nd place: trip to Mazatlan from Yahoo! Travel New champion: $11,601

Game dynamics:

Coryat scores:

Kristen Greg Susan
$7,200 $5,800 $6,800
12 R
(including 1 DD),
5 W
(including 2 DDs)
16 R,
4 W
12 R,
3 W

Combined Coryat: $19,800

[game clues] [game scores] [suggest correction]

Game tape date: 2001-11-07
The J! Archive is created by fans, for fans. Scraping, republication, monetization, and malicious use prohibited; this site may use cookies and collect identifying information. See terms. The Jeopardy! game show and all elements thereof, including but not limited to copyright and trademark thereto, are the property of Jeopardy Productions, Inc. and are protected under law. This website is not affiliated with, sponsored by, or operated by Jeopardy Productions, Inc. Join the discussion at JBoard.tv.